000 00958nam a2200229Ia 4500
003 GCL
005 20240530110901.0
008 140319s9999 xx 000 0 ara d
040 _aGCL /
_cGCL
082 0 4 _a413.1/
_bخ ك
100 1 _aالخليل بن احمد، ابو عبدالرحمن الخليل بن احمد بن عمرو بن تميم الفراهيدى
245 1 0 _aكتاب العين /
_cابى عبدالرحمن الخليل بن احمد الفراهيدى ؛ تحقيق مهدى المخزومى، ابراهيم السامرائى
260 _a[S.N] :
_bدار الحرية للطباعة ،
_c1985
300 _a8 اجزاء
650 0 4 _aالنحو
650 0 4 _aالاصوات اللغوية
650 0 4 _aاللغة العربية
650 0 4 _aالخليل بن احمد الفراهيدى
700 0 _aمهدى المخزومى
_eمحقق
700 0 _aابراهيم السامرائى
_eمحقق
942 _2ddc
_cBK
999 _c66128
_d66128